000 nam a22 7a 4500
999 _c28961
_d28961
008 170829b xxu||||| |||| 00| 0 eng d
050 _aTL 145 .A93 2000
245 _aAutomotive engineering
300 _a678p.
650 _aEngineering
942 _2ddc
_cBOOKS
_hTL 145 .A93 2000
_01